000 00944nmm a2200337 a 4500
003 AR-BaBNM
005 20251128202808.0
008 117019s1946 ||||||||||||||000 | spa||
040 _cAR-BaBNM
100 1 _aVedia y Mitre, Mariano de
245 1 0 _aHistoria general de las ideas políticas
_bcon una introducción sobre la Teoría del Estado. 3
260 _aBuenos Aires
_bKraft
_c1946
300 0 _a386 p.
_bil., láms.
500 0 _aIndíce de nombres y materias p. 357-384.
600 0 4 _aPolibio
600 1 4 _aCicerón, Marco Tulio
600 0 4 _aAgustín
_d354-430
650 4 _aHISTORIA DE LAS IDEAS
650 4 _aHISTORIA POLITICA
650 4 _aCIENCIAS POLITICAS
650 4 _aDERECHOS DE LOS ESTADOS
650 4 _aCRISTIANISMO
650 4 _aPODER POLITICO
650 4 _aRELIGION
650 4 _aFILOSOFIA
650 4 _aHISTORIA ANTIGUA
651 4 _aItalia
651 4 _aGrecia
942 _cBK
998 _cmariana
999 _c610
_d610